000 00612nam a22002057a 4500
003 BCEG
005 20260115162330.0
008 260115s1997 uy|||||| |||| 00| 0 spa d
040 _aBCEG
_bspa
_cBCEG
082 0 4 _aU864.4
_bA461p
100 1 _aAlsina Thevenet, Homero,
_d1922-2005.
245 1 0 _aPrimeros y últimos planos.
260 _aMontevideo, Uruguay :
_bCal y Canto,
_c1997.
300 _a197 p.
541 _aDonación.
650 1 4 _aEnsayos uruguayos.
650 1 4 _aCultura
_zUruguay
_vDiscursos, ensayos, conferencias, etc.
650 1 4 _aCine
_vDiscursos, ensayos, conferencias, etc.
942 _cBK
999 _c437014
_d437014